00988nam0a22002291 4500001001100000005001700011021001900028035002600047100004100073101000800114102000700122105001800129200021400147210009000361215002300451225004600474606010000520702007500620801001800695801002200713852002300735rc\404365320250611070227.0 aRUb[51-34470] a(NLR Aleph) 008101178 a20130415d1951 |||y0rusy50 ca0 arus aRU aa z |||||1 aИз опыта новаторов-стахановцев ленинградских машиностроительных заводовeСборник статейfПод ред. А.Н. Оглоблина aМоскваaЛенинградcМашгиз. [Ленингр. отд-ние]d1951 a188 с.cил.d211 aНоваторы производства aМеталлообработкаxСтахановские методыjСборники2psbo 1aОглоблинbА.Н.gАлександр Николаевич4340 0aRUbNLRgpsbo 1aRUbELAR2rusmarc aNLRjТ36 Г-3/253